Improving Performance Throug statistical Thinking

Gespeichert in:
Bibliographische Detailangaben
Hauptverfasser: Britz, Galen C. (Verfasst von), Emerling, Donald W. (Verfasst von), Hare, Lynne B. (Verfasst von)
Format: Buch
Sprache:Englisch
Veröffentlicht: Milwaukee : ASQC Quality Press, 2000
Ausgabe:1. Edition
Schlagworte:
Tags: Tag hinzufügen
Keine Tags, Fügen Sie das erste Tag hinzu!

MARC

LEADER 00000nam a22000003a 4500
001 stu78477
005 20150617225642.6
008 030116s2000----xxu-----------------eng-d
020 |a 0-87389-467-7 
040 |a STU  |b slo 
041 0 |a eng 
044 |a xxu 
080 |a 658.52 
100 1 |a Britz, Galen C.  |4 aut 
245 1 |a Improving Performance Throug statistical Thinking 
250 |a 1. Edition 
260 |a Milwaukee :  |b ASQC Quality Press,  |c 2000 
300 |a 171 s 
650 7 |a štatistika matematická  |2 stusub 
650 7 |a management podnikový  |2 stusub 
700 1 |a Emerling, Donald W.  |4 aut 
700 1 |a Hare, Lynne B.  |4 aut 
996 |b 284J010201  |c J*100420  |l JJK18  |s P  |a 0  |w stu78477_0001